Score 0/30 Timer 03:00
38 Plays Today
Trivia Question Answer % Correct
What is the number one selling soft drink in the world?Coca-Cola
98.6%
On what river can you find Cairo, Juba and Khartoum?Nile
91.1%
In an American football game, what type of scoring play is worth six points?touchdown
89.1%
What deceased American rock icon was referred to as 'The King?'Elvis Presley
87.7%
Inside what human organ is the auditory canal?ear
84%
Which brothers made the first manned powered flight at Kitty Hawk in 1903?Wright
80.2%
Which famous fictional detective was created by Sir Arthur Conan Doyle?Sherlock Holmes
79.1%
What is the cube root of 125?5
78.3%
What is the French word for 'thank you?'merci
78.1%
What country does the 'Mamma Mia' supergroup ABBA hail from?Sweden
76.8%
What is either the first letter or the last letter of the Greek alphabet?alpha or omega
76.8%
What is the unit of currency used in Mexico and the Philippines?peso
76.3%
Who was the first wife to Charles, Prince of Wales?Princess Diana
74.2%
Which composer's 9th Symphony features a choral portion called 'Ode to Joy?'Ludwig van Beethoven
73.2%
Which woman, known as the 'Iron Lady,' was the first female Prime Minister of the UK?Margaret Thatcher
73%
Trivia Question Answer % Correct
Which Pixar film features characters named James P. Sullivan and Mike Wazowski?Monsters, Inc.
72.5%
What is the largest land animal, which comes in both an African and Asian species?elephant
71.5%
Which chemical element has the symbol Ag?silver
69.6%
What is the smallest state in the United States?Rhode Island
68.7%
Which country hosted the 2014 Winter Olympic Games in Sochi?Russia
66.5%
What team has won the English Premier League a record 13 times?Manchester United
58.4%
What color can come before the words 'Letter' or 'Pimpernel' in the titles of famous works of literature?scarlet
58.4%
What cartoon character has a monkey named Boots and a foe named Swiper?Dora the Explorer
56.9%
What two-dimensional geometric figure has a circumference and a radius?circle
56.5%
What country's largest city is São Paulo?Brazil
54%
Which video game series features a cybernetic supersoldier named Master Chief John-117?Halo
44.6%
What does the P stand for in the acronym OPEC?Petroleum
43.5%
Which actor appeared in 'Glory,' 'Training Day,' 'Inside Man,' and 'The Hurricane?'Denzel Washington
39.4%
For which Roman god was the first American manned space program named?Mercury
27.6%
What US Presidential surname is the only one shared by non-related presidents?Johnson
26.4%
Remove Ads.
Support Sporcle.
Get the best of Sporcle when you Go Orange. This ad-free experience offers more features, more stats, and more fun while also helping to support Sporcle. Thank you for becoming a member.

You're not logged in!

Compare scores with friends on all Sporcle quizzes.
OR
Log In

Show Comments

Extras

Top Quizzes Today


Score Distribution

Your Account Isn't Verified!

In order to create a playlist on Sporcle, you need to verify the email address you used during registration. Go to your Sporcle Settings to finish the process.

Report this User

Report this user for behavior that violates our Community Guidelines.

Details: